[Event "European Championship"]
[Site "Batumi GEO"]
[Date "2018.03.17"]
[Round "1.8"]
[White "Daniil Dubov"]
[Black "Artashes Navasardovich Minasian"]
[Result "1/2-1/2"]
[EventDate "2018.03.17"]
[WhiteElo "2701"]
[BlackElo "2467"]
[PlyCount "67"]

1. e4 c6 2. d4 d5 3. e5 Bf5 4. Nf3 e6 5. Be2 Nd7 6. O-O Ne7 7. Nbd2 Bg6 8. Re1 Nf5 9. Bd3 Be7 10. Nf1 Qb6 11. c3 c5 12. a4 a6 13. a5 Qc7 14. c4 dxc4 15. Bxf5 Bxf5 16. d5 exd5 17. Ne3 Be6 18. Nxd5 Qc6 19. Nxe7 Kxe7 20. Bg5+ Kf8 21. Qd2 h6 22. Bh4 Re8 23. Rad1 Kg8 24. Bg3 Nf8 25. Qc3 Ng6 26. Nd2 b5 27. axb6 Qxb6 28. Nxc4 Qb4 29. Qxb4 cxb4 30. Nd6 Ra8 31. Ra1 a5 32. Nb7 Kh7 33. Nxa5 Rhc8 34. b3 1/2-1/2

[Event "Tal Mem Qualifier 2018"]
[Site "Moscow RUS"]
[Date "2018.02.18"]
[Round "4.2"]
[White "Daniil Dubov"]
[Black "Grigoriy Oparin"]
[Result "1/2-1/2"]
[EventDate "?"]
[WhiteElo "2694"]
[BlackElo "2607"]
[PlyCount "54"]

1. d4 Nf6 2. c4 e6 3. g3 c5 4. Nf3 cxd4 5. Nxd4 Qc7 6. Nc3 a6 7. Bg2 Qxc4 8. O-O Nc6 9. Nb3 d5 10. Bf4 Be7 11. Rc1 Qb4 12. Bc7 O-O 13. a3 Qg4 14. h3 Qg6 15. Na4 Bd8 16. Bxd8 Rxd8 17. Nb6 Rb8 18. Nc5 Nd7 19. Nbxd7 Bxd7 20. Qb3 Be8 21. Rfd1 Qf6 22. e3 h6 23. Qb6 Qe7 24. f4 d4 25. exd4 Nxd4 26. Nxb7 e5 27. Re1 1/2-1/2

[Event "Bundesliga 2017/18"]
[Site "Bremen GER"]
[Date "2018.02.04"]
[Round "8.6"]
[White "Jorden van Foreest"]
[Black "Daniil Dubov"]
[Result "0-1"]
[EventDate "2017.10.21"]
[WhiteElo "2609"]
[BlackElo "2677"]
[PlyCount "70"]

1. e4 c5 2. Nf3 Nc6 3. Bb5 g6 4. Bxc6 bxc6 5. O-O Bg7 6. Re1 Nh6 7. c3 O-O 8. d4 cxd4 9. cxd4 d5 10. e5 f6 11. Nbd2 fxe5 12. Nxe5 Bxe5 13. dxe5 Qb6 14. Nf3 Nf5 15. h3 c5 16. g4 Ng7 17. Bg5 Qe6 18. Bh4 h6 19. Nd2 g5 20. Bg3 c4 21. Nf3 d4 22. Nxd4 Qb6 23. e6 Bb7 24. Be5 Rad8 25. Rc1 Rxd4 26. Qxd4 Qc6 27. Re4 Qxe4 28. Qxe4 Bxe4 29. Rxc4 Bd5 30. Rc7 Nxe6 31. Rxa7 Rf3 32. Kf1 Rxh3 33. a4 Rd3 34. Rxe7 Bf3 35. Kg1 Nc5 0-1

[Event "Bundesliga 2017/18"]
[Site "Bremen GER"]
[Date "2018.02.03"]
[Round "7.5"]
[White "Daniil Dubov"]
[Black "Markus Ragger"]
[Result "1-0"]
[EventDate "2017.10.21"]
[WhiteElo "2677"]
[BlackElo "2659"]
[PlyCount "93"]

1. d4 Nf6 2. Nf3 g6 3. Nbd2 d5 4. b4 e6 5. a3 Bg7 6. Bb2 O-O 7. e3 c6 8. c4 a5 9. c5 b6 10. Be2 Nfd7 11. Rc1 axb4 12. axb4 bxc5 13. bxc5 Ba6 14. O-O Bxe2 15. Qxe2 Na6 16. Bc3 Qc7 17. e4 dxe4 18. Nxe4 Nf6 19. Nd6 Nd5 20. Bd2 Qe7 21. Bg5 f6 22. Bd2 Nac7 23. Ra1 Qd7 24. Rfe1 Rfb8 25. h4 Rxa1 26. Rxa1 Nb5 27. Nc4 Nbc7 28. Ba5 Nb5 29. Re1 Re8 30. Nb6 Nxb6 31. cxb6 Bf8 32. Qc4 Kf7 33. Rc1 Rc8 34. Bb4 Bxb4 35. Qxb4 Rb8 36. Qa5 Qb7 37. Qd2 Qxb6 38. Qh6 Rh8 39. Qf4 Qc7 40. Ne5+ Kg7 41. Rxc6 Qe7 42. Rc5 Nd6 43. Ng4 Rf8 44. Rc6 Nb5 45. Rb6 Qd7 46. Qh6+ Kg8 47. Nxf6+ 1-0

[Event "Eliseev Memorial Pt2"]
[Site "Moscow RUS"]
[Date "2017.11.25"]
[Round "5.2"]
[White "Daniil Dubov"]
[Black "Dmitry Gordievsky"]
[Result "1-0"]
[EventDate "2017.11.21"]
[WhiteElo "2677"]
[BlackElo "2605"]
[PlyCount "67"]

1. e4 c5 2. Nf3 e6 3. d4 cxd4 4. Nxd4 a6 5. Nc3 Qc7 6. Bd3 Nf6 7. O-O Bc5 8. Nb3 Ba7 9. Bg5 Nc6 10. Kh1 b5 11. f4 h6 12. Bh4 b4 13. e5 bxc3 14. exf6 g5 15. Bg3 cxb2 16. Rb1 Qd8 17. fxg5 hxg5 18. Qg4 Qb6 19. Nd2 d5 20. Qxg5 Bb8 21. Qg7 Rf8 22. Bf2 d4 23. Nc4 Qc5 24. Rxb2 Bc7 25. c3 e5 26. Rc2 Be6 27. Rfc1 Kd7 28. Nd2 Rg8 29. cxd4 Qxc2 30. Bxc2 Rxg7 31. fxg7 Rg8 32. Ne4 Rxg7 33. Ba4 Bd5 34. Nf6+ 1-0

[Event "Eliseev Memorial Pt2"]
[Site "Moscow RUS"]
[Date "2017.11.24"]
[Round "4.2"]
[White "Klementy Sychev"]
[Black "Daniil Dubov"]
[Result "1/2-1/2"]
[EventDate "2017.11.21"]
[WhiteElo "2510"]
[BlackElo "2677"]
[PlyCount "140"]

1. e4 c5 2. Nf3 e6 3. d4 cxd4 4. Nxd4 Nc6 5. Nc3 Qc7 6. g3 a6 7. Bg2 d6 8. O-O Bd7 9. Re1 Be7 10. Nxc6 Bxc6 11. Qg4 h5 12. Qe2 h4 13. a4 hxg3 14. hxg3 Nf6 15. Bf4 Rh5 16. Rad1 g6 17. Rd3 e5 18. Be3 Kf8 19. Bf3 Rh7 20. Bg5 Kg7 21. Red1 Rah8 22. Bxf6+ Bxf6 23. Nd5 Bxd5 24. Rxd5 Be7 25. c3 Rh2 26. Bg2 Qd7 27. a5 Qe6 28. Qf3 f5 29. c4 f4 30. gxf4 exf4 31. c5 g5 32. cxd6 Bd8 33. d7 R2h6 34. Rf5 Bf6 35. Qd3 Rd8 36. e5 Be7 37. Bxb7 Rdh8 38. Bd5 f3 39. Bxf3 Rh3 40. Rf6 Bxf6 41. exf6+ Qxf6 42. d8=Q Rxd8 43. Qxd8 Qxd8 44. Rxd8 Rxf3 45. Rd6 Rf5 46. b4 Rf4 47. Rb6 Kf7 48. Kg2 Rg4+ 49. Kf3 Rc4 50. Ke3 g4 51. Rxa6 Rxb4 52. Rb6 Ra4 53. a6 Ra2 54. Rc6 Kg7 55. Re6 Kf7 56. Rb6 Kg7 57. Rd6 Kf7 58. Rh6 Kg7 59. Rd6 Kf7 60. Rb6 Kg7 61. Kf4 Rxf2+ 62. Kxg4 Kf7 63. Kg3 Ra2 64. Rh6 Kg7 65. Rc6 Kf7 66. Rh6 Kg7 67. Rb6 Kf7 68. Kf4 Ke7 69. Rh6 Kd7 70. a7 Kc7 1/2-1/2

[Event "Eliseev Memorial Pt2"]
[Site "Moscow RUS"]
[Date "2017.11.23"]
[Round "3.3"]
[White "Daniil Dubov"]
[Black "Alexandr Predke"]
[Result "1/2-1/2"]
[EventDate "2017.11.21"]
[WhiteElo "2677"]
[BlackElo "2601"]
[PlyCount "72"]

1. e4 e5 2. Nf3 Nc6 3. Bb5 a6 4. Ba4 Nf6 5. O-O Be7 6. Re1 b5 7. Bb3 d6 8. a4 Bg4 9. c3 Na5 10. Ba2 b4 11. d3 b3 12. Bxb3 Nxb3 13. Qxb3 Bxf3 14. gxf3 Nh5 15. f4 exf4 16. Qd1 g6 17. Qf3 O-O 18. Na3 Bf6 19. Nc4 Bg7 20. Bd2 Qh4 21. Kh1 Rae8 22. b4 g5 23. Rg1 Nf6 24. Rg2 Kh8 25. Rag1 Bh6 26. Ne3 fxe3 27. Bxe3 g4 28. Rxg4 Nxg4 29. Rxg4 Qxg4 30. Qxg4 Bxe3 31. fxe3 f5 32. exf5 Rxe3 33. Qd4+ Re5 34. Kg2 Rxf5 35. Qa7 Rg5+ 36. Kf3 Rgf5+ 1/2-1/2

[Event "Eliseev Memorial Pt2"]
[Site "Moscow RUS"]
[Date "2017.11.22"]
[Round "2.1"]
[White "Mikhail Antipov"]
[Black "Daniil Dubov"]
[Result "0-1"]
[EventDate "2017.11.21"]
[WhiteElo "2588"]
[BlackElo "2677"]
[PlyCount "72"]

1. e4 c5 2. b3 g6 3. Bb2 Nf6 4. Nc3 d6 5. Nd5 Bg7 6. Bb5+ Nbd7 7. Nxf6+ exf6 8. Ne2 O-O 9. O-O a6 10. Bxd7 Bxd7 11. c4 Re8 12. d3 f5 13. Bxg7 Kxg7 14. Nc3 Bc6 15. f3 Qf6 16. Rc1 b5 17. Qd2 b4 18. Ne2 a5 19. exf5 Qxf5 20. d4 Qf6 21. Ng3 cxd4 22. Ne2 d5 23. Nxd4 dxc4 24. Nxc6 Qxc6 25. Rxc4 Qf6 26. Qd4 Rac8 27. Qxf6+ Kxf6 28. Kf2 Rxc4 29. bxc4 Rc8 30. Rc1 Ke5 31. Ke3 a4 32. Kd3 Rd8+ 33. Ke3 Rb8 34. c5 b3 35. Kd3 bxa2 36. c6 Rb3+ 0-1

[Event "Eliseev Memorial Pt1"]
[Site "Moscow RUS"]
[Date "2017.11.19"]
[Round "5.1"]
[White "Daniil Dubov"]
[Black "Maxim Matlakov"]
[Result "1-0"]
[EventDate "2017.11.15"]
[WhiteElo "2677"]
[BlackElo "2738"]
[PlyCount "75"]

1. e4 c6 2. d4 d5 3. e5 Bf5 4. Nf3 e6 5. Be2 Ne7 6. O-O Ng6 7. Be3 Nd7 8. Nbd2 f6 9. c4 fxe5 10. dxe5 Ndxe5 11. Nd4 Qf6 12. c5 Nd7 13. b4 e5 14. Nxf5 Qxf5 15. Bg4 Qf7 16. Nf3 Be7 17. b5 e4 18. Bxd7+ Kxd7 19. Nd4 Ne5 20. Rb1 Rhb8 21. Qa4 Bxc5 22. bxc6+ bxc6 23. Nxc6 Nxc6 24. Bxc5 Qe6 25. Rbd1 Kc7 26. Rc1 a6 27. f3 Rb5 28. fxe4 dxe4 29. Be3 Kb7 30. Rc5 Rxc5 31. Bxc5 Qd5 32. Rb1+ Kc8 33. Be3 a5 34. Rd1 Qe6 35. Bf4 Nb4 36. Rd6 Qf7 37. Rc6+ Kd8 38. Bg5+ 1-0

[Event "Eliseev Memorial Pt1"]
[Site "Moscow RUS"]
[Date "2017.11.18"]
[Round "4.3"]
[White "Alexandr Predke"]
[Black "Daniil Dubov"]
[Result "0-1"]
[EventDate "2017.11.15"]
[WhiteElo "2601"]
[BlackElo "2677"]
[PlyCount "139"]

1. e4 g6 2. d4 d6 3. f4 Nf6 4. Bd3 Bg7 5. Nf3 O-O 6. O-O c5 7. dxc5 Nbd7 8. cxd6 exd6 9. Nc3 b5 10. Nxb5 Qb6+ 11. Kh1 Bb7 12. Nc3 Nc5 13. f5 Nfxe4 14. Nxe4 Nxe4 15. Qe1 Nc5 16. Qh4 Nxd3 17. cxd3 Rfe8 18. Bh6 Re2 19. Bxg7 Kxg7 20. Rae1 Rxe1 21. f6+ Kh8 22. Rxe1 Qxb2 23. Qd4 Qxa2 24. Qxd6 Bxf3 25. gxf3 Qf2 26. Qg3 Qd4 27. Qe5 Qxe5 28. Rxe5 a5 29. d4 a4 30. d5 a3 31. Re1 h6 32. d6 Rd8 33. Ra1 Rxd6 34. Rxa3 Rxf6 35. Kg2 Rf4 36. Kg3 g5 37. Ra6 Kg7 38. h3 Rb4 39. Rc6 f6 40. Rc5 Kg6 41. Kg2 Rb2+ 42. Kg1 Kh5 43. Rc4 f5 44. h4 gxh4 45. Rd4 Kg5 46. Rc4 h3 47. Ra4 h5 48. Rc4 f4 49. Rc5+ Kh4 50. Rf5 Rg2+ 51. Kh1 Rf2 52. Kg1 Rxf3 53. Rf8 Rg3+ 54. Kh1 Rg4 55. Kh2 Rg2+ 56. Kh1 Rf2 57. Kg1 Kg3 58. Rg8+ Kf3 59. Ra8 Rg2+ 60. Kh1 Re2 61. Kg1 Rg2+ 62. Kh1 Rd2 63. Kg1 h2+ 64. Kh1 Kf2 65. Rh8 f3 66. Rxh5 Ke1 67. Re5+ Re2 68. Ra5 f2 69. Ra1+ Kd2 70. Kg2 0-1

[Event "Eliseev Memorial Pt1"]
[Site "Moscow RUS"]
[Date "2017.11.17"]
[Round "3.2"]
[White "Daniil Dubov"]
[Black "Mikhail Antipov"]
[Result "1/2-1/2"]
[EventDate "2017.11.15"]
[WhiteElo "2677"]
[BlackElo "2588"]
[PlyCount "70"]

1. e4 e5 2. Nc3 Nc6 3. Bc4 Nf6 4. d3 Na5 5. Bb3 Nxb3 6. axb3 Bb4 7. Ne2 d5 8. exd5 Nxd5 9. O-O O-O 10. Bd2 Nxc3 11. bxc3 Bd6 12. c4 b6 13. Ng3 Bb7 14. Nf5 Qf6 15. Nxd6 Qxd6 16. f3 a5 17. Be3 c5 18. Qe1 Rae8 19. Qf2 Re6 20. Rae1 f5 21. Re2 f4 22. Bc1 Rf5 23. Rfe1 g5 24. Bb2 h5 25. h3 Qe7 26. d4 cxd4 27. Bxd4 Qg7 28. Bc3 g4 29. fxg4 hxg4 30. Rxe5 Rfxe5 31. Rxe5 Rxe5 32. Qxb6 gxh3 33. Qd8+ Kh7 34. Qh4+ Kg8 35. Qd8+ Kh7 1/2-1/2

[Event "Eliseev Memorial Pt1"]
[Site "Moscow RUS"]
[Date "2017.11.16"]
[Round "2.2"]
[White "Vladimir Fedoseev"]
[Black "Daniil Dubov"]
[Result "1-0"]
[EventDate "2017.11.15"]
[WhiteElo "2718"]
[BlackElo "2677"]
[PlyCount "93"]

1. d4 Nf6 2. c4 c5 3. d5 e6 4. Nc3 exd5 5. cxd5 d6 6. Nf3 g6 7. h3 b5 8. Nxb5 Bg7 9. e3 O-O 10. a4 Na6 11. Bc4 Nb4 12. O-O Bf5 13. Bd2 Nbxd5 14. g4 Be6 15. Ng5 Qe7 16. e4 Ne3 17. Bxe3 Bxc4 18. Qxd6 Qb7 19. Qc7 Qxc7 20. Nxc7 Bxf1 21. Nxa8 Bd3 22. Nc7 h6 23. e5 hxg5 24. exf6 Bxf6 25. Bxc5 Bxb2 26. Rd1 Rc8 27. Rxd3 Rxc7 28. Rd5 Bc3 29. Rxg5 a5 30. Bb6 Rd7 31. Bxa5 Bf6 32. Rb5 Rd1+ 33. Kg2 Ra1 34. Rb4 Ra3 35. Bb6 Kg7 36. Rc4 Ba1 37. a5 f5 38. Rc7+ Kf6 39. Rc6+ Kf7 40. Rc7+ Ke6 41. Rc6+ Kf7 42. Bc7 Ra2 43. a6 Bd4 44. Bg3 Ra3 45. g5 Ra2 46. Rd6 f4 47. Bxf4 1-0

[Event "Eliseev Memorial Pt1"]
[Site "Moscow RUS"]
[Date "2017.11.15"]
[Round "1.3"]
[White "Daniil Dubov"]
[Black "Vladislav Artemiev"]
[Result "1-0"]
[EventDate "2017.11.15"]
[WhiteElo "2677"]
[BlackElo "2696"]
[PlyCount "137"]

1. e4 c5 2. Nc3 e6 3. Nf3 a6 4. d4 cxd4 5. Nxd4 d6 6. Be2 Nf6 7. a4 Be7 8. Be3 Nc6 9. O-O O-O 10. f4 Bd7 11. Nb3 e5 12. Nd5 exf4 13. Bb6 Qc8 14. Nxe7+ Nxe7 15. Rxf4 Ng6 16. Rxf6 gxf6 17. Nd4 Re8 18. Bd3 Re5 19. Qf3 Qe8 20. Qxf6 Rxe4 21. Bxe4 Qxe4 22. Rf1 Qe3+ 23. Kh1 Qe7 24. Qf3 Be6 25. Ba5 Rf8 26. Bb4 Bc8 27. h3 Qe5 28. Qf6 Qxf6 29. Rxf6 Rd8 30. Rxd6 Rxd6 31. Bxd6 Bd7 32. b3 h5 33. Kg1 Nh4 34. Bc5 Nf5 35. Ne2 Bc6 36. Nf4 h4 37. Kf2 Be4 38. Nd3 Kg7 39. Bb6 f6 40. b4 Kf7 41. a5 Bc6 42. Bc7 Nd4 43. c4 Ne6 44. Bb6 Kg6 45. Ne1 Ng5 46. Ke2 Kh5 47. Bf2 Nf7 48. Nf3 Ne5 49. Nxh4 Nxc4 50. Nf3 Kg6 51. g4 Kf7 52. Bd4 Nd6 53. Ke3 Nb5 54. Bb2 Nc7 55. Nd4 Bg2 56. h4 Nd5+ 57. Kf2 Be4 58. b5 Ne7 59. h5 axb5 60. Nxb5 Bc6 61. Nc3 Nd5 62. Ne4 Nb4 63. Nd6+ Ke6 64. h6 Nd3+ 65. Kg3 Kxd6 66. h7 Nxb2 67. h8=Q Ke6 68. g5 Ke7 69. Qxf6+ 1-0

[Event "Bundesliga 2017/18"]
[Site "Bremen GER"]
[Date "2017.11.12"]
[Round "4.8"]
[White "Daniil Dubov"]
[Black "Lawrence Trent"]
[Result "1-0"]
[EventDate "2017.10.21"]
[WhiteElo "2677"]
[BlackElo "2435"]
[PlyCount "29"]

1. Nf3 Nf6 2. g3 g6 3. b3 Bg7 4. Bb2 d6 5. d4 O-O 6. Bg2 c5 7. c4 cxd4 8. Nxd4 d5 9. cxd5 Nxd5 10. O-O Nb4 11. Na3 Bxd4 12. Bxd4 N8c6 13. Bc3 Qxd1 14. Rfxd1 Bg4 15. Bxb4 1-0

[Event "Bundesliga 2017/18"]
[Site "Bremen GER"]
[Date "2017.11.11"]
[Round "3.7"]
[White "Nils Grandelius"]
[Black "Daniil Dubov"]
[Result "0-1"]
[EventDate "2017.10.21"]
[WhiteElo "2653"]
[BlackElo "2677"]
[PlyCount "80"]

1. e4 g6 2. d4 d6 3. Bc4 Bg7 4. Nf3 e6 5. Bb3 Ne7 6. O-O O-O 7. Re1 Nd7 8. c3 a6 9. Nbd2 b5 10. Nf1 c5 11. Ng3 Bb7 12. Bf4 e5 13. Be3 exd4 14. cxd4 Rc8 15. Qd2 Nc6 16. dxc5 dxc5 17. Bg5 Qc7 18. Bh6 Nde5 19. Nxe5 Nxe5 20. Bxg7 Kxg7 21. Bd5 f6 22. Ne2 Rcd8 23. Nf4 Rfe8 24. Qc3 c4 25. Rad1 Bc8 26. b3 Bg4 27. f3 g5 28. Ne2 b4 29. Qe3 Bc8 30. bxc4 Nxc4 31. Qd4 Qb6 32. Qxb6 Nxb6 33. Bc6 Rxd1 34. Rxd1 Re5 35. Rd6 Re6 36. Rxe6 Bxe6 37. Nc1 a5 38. Bb5 a4 39. Kf2 Bxa2 40. Nxa2 b3 0-1

[Event "European Team Championship"]
[Site "Hersonissos GRE"]
[Date "2017.11.05"]
[Round "8.1"]
[White "Rauf Mamedov"]
[Black "Daniil Dubov"]
[Result "1-0"]
[EventDate "2017.10.28"]
[WhiteElo "2678"]
[BlackElo "2677"]
[PlyCount "115"]

1. e4 c5 2. Nf3 Nc6 3. Bb5 g6 4. O-O Bg7 5. Re1 Nf6 6. e5 Nd5 7. Nc3 Nc7 8. Bxc6 dxc6 9. Ne4 b6 10. Nf6+ Kf8 11. Ne4 Bg4 12. d3 Bxe5 13. Nxe5 Bxd1 14. Bh6+ Kg8 15. Nxc6 Bxc2 16. Nxc5 bxc5 17. Nxd8 Rxd8 18. Rxe7 Ne6 19. Re1 Ba4 20. Rxa7 Bc6 21. h4 Ra8 22. Rxe6 fxe6 23. Rc7 Rd8 24. Rxc6 Kf7 25. Rc7+ Ke8 26. Bg5 Rb8 27. Re7+ Kf8 28. Bf6 Ra8 29. a3 h5 30. Rc7 Rg8 31. f4 Ke8 32. Kf2 Rb8 33. Be5 Rb3 34. Ke3 Kd8 35. Rxc5 Rb7 36. Bc3 Ra7 37. Bb4 Kd7 38. Rg5 Kc6 39. Ke4 Rf7 40. Rc5+ Kb6 41. Re5 Re8 42. Ba5+ Kc6 43. Bc3 Rf5 44. g3 Kd7 45. Ra5 Rxa5 46. Bxa5 Ra8 47. Bb4 Rc8 48. Bc3 Ra8 49. Ke5 Ra6 50. Kf6 Rd6 51. Kxg6 Rxd3 52. Kxh5 Rxg3 53. a4 Kc6 54. Be5 Rg1 55. Kh6 Ra1 56. h5 Rxa4 57. Kg6 Ra1 58. Bf6 1-0

[Event "European Team Championship"]
[Site "Hersonissos GRE"]
[Date "2017.11.04"]
[Round "7.2"]
[White "Daniil Dubov"]
[Black "Alojzije Jankovic"]
[Result "1-0"]
[EventDate "2017.10.28"]
[WhiteElo "2677"]
[BlackElo "2575"]
[PlyCount "115"]

1. d4 d5 2. c4 dxc4 3. e4 e5 4. Nf3 Bb4+ 5. Bd2 Bxd2+ 6. Nbxd2 exd4 7. Bxc4 Nc6 8. O-O Nge7 9. Nb3 d3 10. Bxd3 Bg4 11. h3 Bh5 12. Be2 Qxd1 13. Rfxd1 Bg6 14. Nc5 b6 15. Na6 O-O 16. Nxc7 Rad8 17. e5 Bc2 18. Rxd8 Rxd8 19. Rc1 Bd3 20. Bxd3 Rxd3 21. e6 f6 22. Kf1 Rd6 23. a3 Kf8 24. b4 Ng6 25. g3 Nge5 26. Nxe5 fxe5 27. Ke2 Ke7 28. Ke3 a5 29. b5 Nd8 30. Ke4 Rd2 31. f4 exf4 32. gxf4 g6 33. Nd5+ Kxe6 34. Nxb6 Rb2 35. a4 Rb4+ 36. Rc4 Kd6 37. Rxb4 axb4 38. Kd4 Ne6+ 39. Kc4 Nxf4 40. Kxb4 g5 41. a5 Kc7 42. Nc4 Nd3+ 43. Kc3 Nf4 44. Kd4 h5 45. a6 Ne6+ 46. Kd5 Nf4+ 47. Ke5 Nd3+ 48. Kd4 Nb4 49. b6+ Kb8 50. a7+ Ka8 51. Kc5 Nd3+ 52. Kc6 Nb4+ 53. Kb5 g4 54. Kxb4 gxh3 55. Nd6 h2 56. Ne8 h1=Q 57. Nc7+ Kb7 58. a8=Q+ 1-0

[Event "European Team Championship"]
[Site "Hersonissos GRE"]
[Date "2017.11.01"]
[Round "5.4"]
[White "Vahap Sanal"]
[Black "Daniil Dubov"]
[Result "0-1"]
[EventDate "2017.10.28"]
[WhiteElo "2549"]
[BlackElo "2677"]
[PlyCount "116"]

1. e4 c5 2. Nf3 Nc6 3. Nc3 g6 4. d4 cxd4 5. Nxd4 Bg7 6. Be3 Nf6 7. Bc4 O-O 8. Bb3 Re8 9. O-O d6 10. h3 Na5 11. Qe2 a6 12. Rad1 Qc7 13. Bg5 Qc5 14. Be3 Qc7 15. Rfe1 b5 16. Nd5 Nxd5 17. Bxd5 Bb7 18. b3 Rac8 19. Qd2 e6 20. Bxb7 Nxb7 21. Bh6 Bh8 22. Re2 Qc3 23. Qxc3 Rxc3 24. Nf3 Rec8 25. Ne1 R3c6 26. Kf1 a5 27. Be3 Bc3 28. Bd2 Kf8 29. Bxc3 Rxc3 30. h4 Ke7 31. Rd3 R3c6 32. Rdd2 Nc5 33. Nd3 f5 34. Nxc5 Rxc5 35. exf5 gxf5 36. Ke1 e5 37. Kd1 Ke6 38. Rd3 Rg8 39. g3 b4 40. Rde3 h5 41. a3 e4 42. axb4 axb4 43. Rd3 Ke5 44. Kc1 d5 45. Kb2 d4 46. Rd1 Ra8 47. Rb1 Rca5 48. Kc1 Ra1 49. Re1 Rxb1+ 50. Kxb1 f4 51. gxf4+ Kxf4 52. Rd1 Ke5 53. Rg1 Rf8 54. Rg2 e3 55. fxe3 dxe3 56. Rg7 Rf1+ 57. Kb2 Kf6 58. Rg2 Kf5 0-1

[Event "European Team Championship"]
[Site "Hersonissos GRE"]
[Date "2017.10.31"]
[Round "4.1"]
[White "Zoltan Almasi"]
[Black "Daniil Dubov"]
[Result "1/2-1/2"]
[EventDate "2017.10.28"]
[WhiteElo "2707"]
[BlackElo "2677"]
[PlyCount "139"]

1. Nf3 g6 2. c4 Bg7 3. g3 c5 4. Bg2 Nc6 5. Nc3 d6 6. O-O e6 7. b3 Nge7 8. Bb2 O-O 9. e3 b6 10. d4 Bb7 11. Qd2 cxd4 12. Nxd4 d5 13. Nxc6 Bxc6 14. cxd5 Nxd5 15. Nxd5 Bxd5 16. Bxd5 Bxb2 17. Qxb2 Qxd5 18. Rad1 Qf3 19. Rd7 Rfd8 20. Qd2 Rxd7 21. Qxd7 Qe2 22. Qb7 Rd8 23. Qxa7 Rd2 24. Qxb6 Rxa2 25. Qb8+ Kg7 26. Qe5+ Kg8 27. Qb8+ Kg7 28. Qe5+ Kg8 29. Qf4 Qd2 30. h4 h5 31. b4 Kg7 32. Qe5+ Kg8 33. Qf4 Kg7 34. Rb1 Qc2 35. Qd4+ Kg8 36. Rf1 Qb2 37. Qf4 Ra4 38. Rd1 Rxb4 39. Rd8+ Kg7 40. Qd6 Kf6 41. Qf8 Qc1+ 42. Kh2 Rb1 43. Qh8+ Kf5 44. g4+ Kxg4 45. Rd4+ Kf3 46. Qa8+ Ke2 47. Rf4 Qg1+ 48. Kh3 Qf1+ 49. Kh2 Qg1+ 50. Kh3 Qh1+ 51. Qxh1 Rxh1+ 52. Kg2 e5 53. Ra4 Rd1 54. Ra7 f5 55. Ra5 Rc1 56. Rxe5 Rf1 57. f4 Rf2+ 58. Kg3 Rf3+ 59. Kg2 Rxe3 60. Ra5 Re4 61. Kg3 Kf1 62. Kf3 Re1 63. Ra2 Rb1 64. Rf2+ Kg1 65. Rg2+ Kf1 66. Rf2+ Ke1 67. Re2+ Kd1 68. Re6 Rb3+ 69. Kg2 Rb2+ 70. Kg3 1/2-1/2

[Event "European Team Championship"]
[Site "Hersonissos GRE"]
[Date "2017.10.29"]
[Round "2.2"]
[White "Daniil Dubov"]
[Black "Alexei Dmitriyevich Fedorov"]
[Result "1/2-1/2"]
[EventDate "2017.10.28"]
[WhiteElo "2677"]
[BlackElo "2582"]
[PlyCount "152"]

1. e4 c5 2. Nf3 Nc6 3. Nc3 e5 4. Bc4 Be7 5. d3 d6 6. h3 Nf6 7. a3 O-O 8. O-O Be6 9. Nd5 Bxd5 10. exd5 Nb8 11. a4 Nbd7 12. a5 Rb8 13. Bd2 b5 14. Ba2 Qc7 15. Nh4 g6 16. Re1 c4 17. Nf3 Rfc8 18. Bg5 Bf8 19. dxc4 bxc4 20. Nd2 c3 21. bxc3 Qxc3 22. Bb3 h6 23. Be3 Nc5 24. a6 Rc7 25. Nc4 Nxb3 26. cxb3 Qxb3 27. Qxb3 Rxb3 28. Na5 Rb2 29. Red1 Ne4 30. Nc6 Nc5 31. Bxc5 dxc5 32. Rdb1 Rxb1+ 33. Rxb1 Rd7 34. Kf1 c4 35. Rb5 e4 36. Ke2 c3 37. Kd1 Bg7 38. Kc2 Bf6 39. f3 exf3 40. gxf3 Kg7 41. Kd3 g5 42. Rc5 Kg6 43. Ke4 Kh5 44. f4 gxf4 45. Kxf4 Kh4 46. Kf5 Bg7 47. Ne5 Rd6 48. Ke4 Rxa6 49. Rxc3 Ra1 50. Rc4 Kxh3 51. Nxf7 a5 52. d6 Rd1 53. Ra4 Bf8 54. Ke5 Re1+ 55. Kd5 Rd1+ 56. Ke6 Re1+ 57. Ne5 Bxd6 58. Kxd6 h5 59. Ra3+ Kg2 60. Ng6 Re4 61. Kd5 Rg4 62. Ra2+ Kg3 63. Ne5 Rb4 64. Ra3+ Kg2 65. Nd3 Rb5+ 66. Ke4 Kg3 67. Ne5+ Kg2 68. Nd3 Kg3 69. Rc3 h4 70. Ne5+ Kg2 71. Ng6 Rb4+ 72. Kf5 h3 73. Nf4+ Rxf4+ 74. Kxf4 h2 75. Rc2+ Kh3 76. Rc3+ Kg2 1/2-1/2

[Event "European Team Championship"]
[Site "Hersonissos GRE"]
[Date "2017.10.28"]
[Round "1.1"]
[White "Jure Skoberne"]
[Black "Daniil Dubov"]
[Result "1/2-1/2"]
[EventDate "2017.10.28"]
[WhiteElo "2544"]
[BlackElo "2677"]
[PlyCount "131"]

1. d4 Nf6 2. Bf4 g6 3. Nc3 d5 4. e3 Bg7 5. h4 O-O 6. h5 c5 7. hxg6 fxg6 8. Nf3 cxd4 9. exd4 Nc6 10. Qd2 Ng4 11. Bg3 Bf5 12. Bd3 e5 13. dxe5 Ngxe5 14. Nxe5 Nxe5 15. Bxf5 Rxf5 16. Qxd5+ Qxd5 17. Nxd5 Nf3+ 18. gxf3 Rxd5 19. Rh4 Bxb2 20. Rb1 Bc3+ 21. Kf1 b5 22. Bf4 Bf6 23. Rg4 Rc8 24. a4 bxa4 25. Be3 Ra5 26. Rbb4 a3 27. Ra4 Rxa4 28. Rxa4 Bb2 29. c4 a6 30. c5 Rc6 31. Ke2 Kf7 32. Kd3 h5 33. Ke4 Ke6 34. f4 h4 35. Kf3 Kd5 36. Kg4 a5 37. Rxa5 Kc4 38. Kxh4 Kb3 39. Rb5+ Kc2 40. Ra5 Kb3 41. Rb5+ Kc4 42. Ra5 Kb4 43. Ra8 Kb5 44. Rb8+ Ka5 45. Bd2+ Ka6 46. Ra8+ Kb5 47. Ra5+ Kc4 48. Be3 Kb3 49. Rb5+ Kc2 50. Ra5 Kb1 51. f5 a2 52. fxg6 Rxg6 53. Kh5 Rg8 54. Bg5 a1=Q 55. Rxa1+ Bxa1 56. f4 Re8 57. Kg6 Bd4 58. Kf7 Re4 59. Be7 Rxf4+ 60. Ke6 Rg4 61. Bd6 Rg6+ 62. Kd5 Be3 63. c6 Bb6 64. c7 Rxd6+ 65. Kxd6 Bxc7+ 66. Kxc7 1/2-1/2

[Event "TCh-RUS Blitz 2017"]
[Site "Sochi RUS"]
[Date "2017.10.05"]
[Round "11"]
[White "Daniil Dubov"]
[Black "Vladimir Fedoseev"]
[Result "1-0"]
[EventDate "?"]
[WhiteElo "2677"]
[BlackElo "2733"]
[PlyCount "116"]

1. d4 e6 2. Nf3 Nf6 3. c3 d6 4. c4 d5 5. Nc3 c6 6. e3 Nbd7 7. Qc2 Bd6 8. Bd3 O-O 9. O-O e5 10. cxd5 cxd5 11. e4 exd4 12. Nxd5 Nxd5 13. exd5 h6 14. Nxd4 Nf6 15. Nf5 Bxf5 16. Bxf5 Re8 17. g3 Qa5 18. Bd2 Qxd5 19. Rad1 Qc5 20. Be3 Qxc2 21. Bxc2 Be5 22. Rd2 b6 23. Ba4 Red8 24. Rfd1 Rxd2 25. Rxd2 Ng4 26. Bf4 Bxf4 27. gxf4 Nf6 28. Rc2 Rd8 29. Rc7 a6 30. Bb3 Nd5 31. Rb7 b5 32. f5 Rd6 33. Kg2 g6 34. fxg6 Rxg6+ 35. Kf3 Rf6+ 36. Ke4 Nb4 37. f4 Kg7 38. f5 Nc6 39. Rd7 Na5 40. Bd5 Nc4 41. Bxc4 bxc4 42. Rb7 Rd6 43. Rb4 Rd2 44. h3 Rh2 45. Rxc4 Rxh3 46. Rc6 a5 47. b3 Rh2 48. a4 h5 49. Kf4 Rg2 50. Rc5 Rg4+ 51. Kf3 Rb4 52. Rb5 Rh4 53. Rxa5 Rh3+ 54. Kf4 Rxb3 55. Kg5 Rh3 56. f6+ Kh7 57. Ra7 Kg8 58. Kh6 1-0

[Event "TCh-RUS Blitz 2017"]
[Site "Sochi RUS"]
[Date "2017.10.05"]
[Round "13"]
[White "Daniil Dubov"]
[Black "Alexey Sarana"]
[Result "1-0"]
[EventDate "?"]
[WhiteElo "2677"]
[BlackElo "2543"]
[PlyCount "74"]

1. Nf3 Nf6 2. g3 g6 3. b3 Bg7 4. Bb2 b6 5. Bg2 Bb7 6. O-O O-O 7. d4 d5 8. Ne5 Nbd7 9. Nd2 c5 10. dxc5 bxc5 11. c4 e6 12. Rc1 Rc8 13. Nxd7 Qxd7 14. cxd5 exd5 15. e3 Rfd8 16. Re1 a5 17. Ba3 c4 18. Bb2 a4 19. Bd4 axb3 20. axb3 cxb3 21. Nxb3 Rxc1 22. Qxc1 Qe7 23. Qb2 Nh5 24. Bxg7 Nxg7 25. Na5 Ba8 26. Rd1 Ne6 27. Qb6 Rd6 28. Qb4 Qd8 29. Nb3 Rb6 30. Qa3 Rd6 31. h4 h5 32. Nd4 Nxd4 33. Rxd4 Rd7 34. Qa4 Qc8 35. Bh3 Qc1+ 36. Rd1 Ra7 37. Qe8+ 1-0

[Event "TCh-RUS Blitz 2017"]
[Site "Sochi RUS"]
[Date "2017.10.05"]
[Round "8"]
[White "Daniil Dubov"]
[Black "Denis Khismatullin"]
[Result "1-0"]
[EventDate "?"]
[WhiteElo "2677"]
[BlackElo "2628"]
[PlyCount "58"]

1. d4 d5 2. Bf4 c5 3. e3 Nc6 4. c3 Bf5 5. Nd2 cxd4 6. exd4 e6 7. Qb3 Qd7 8. Ngf3 f6 9. Be2 g5 10. Bg3 h5 11. h4 g4 12. Nh2 Nh6 13. Nhf1 Bg6 14. Ne3 Nf5 15. Nxf5 Bxf5 16. O-O Bh6 17. Qd1 Rc8 18. a4 Kf7 19. Nb3 b6 20. a5 Kg6 21. Kh2 Ne7 22. f3 gxf3 23. Bxf3 Bg7 24. axb6 axb6 25. Nc1 Qb5 26. Ne2 Bh6 27. Bxh5+ Kg7 28. Ra7 Kf8 29. Bd6 1-0